000 01079nam a2200313 i 4500
003 EG-GICUC
005 20260211095535.0
008 260211s1849 fr ||||fr|||| 000 0 fre d
040 _aEG-GiCUC
_bfre
_cEG-GiCUC
_dEG-GiCUC
_eRda
041 _afre
082 0 4 _221
_a341.6
_bHA . D
092 0 4 _221
099 _aLaw1 11 341.6 HA . D 1849
100 1 _aHautefeuille, L.-b
_eAuteur
245 1 4 _aDes Droits Et Des Devoirs Des Nations Neutres :
_bEn Temps De Guerre Maritime.
_n Tome Deuxième /
_cL.-b. Hautefeuille.
264 1 _aParis :
_bAu Comptoir Des Imprimeurs-unis,
_c1849.
300 _a474 page :
_billustration ;
_c 24 cm.
336 _2rda contenu
_a texte
337 _2rda medias
_aOrdinateur
338 _2 transporteur rda
_a Ressource en ligne
504 _aBibliography: pages 200-250. 240-220
546 _aTexte en français
650 4 _aDroit de la guerre
_2qrmak
650 4 _aDroit international humanitaire
_2qrmak
651 1 _2
856 4 0 _uhttps://fll.law.cu.edu.eg/fulltext/bks/B11-07556.pdf
905 _a79
942 _2ddc
_cBK
_e21
_n0
999 _c62542
_d62542